000
00306nam a22001337a 4500
003
SGT
082
_a
616.995
_b
M15M
100
_a
MORRIS,TIMOTHY
245
_a
MANUAL OF CLINICAL PROBLEMS IN PULMORARY MEDICINE
250
_a
7TH
260
_a
INDIA
_b
WOLTER KLUWER
_c
2015
300
_a
641
942
_2
ddc
_c
BK
999
_c
14344
_d
14344